[Event "10' Festival Internazionale di Scacchi"]
[Site "?"]
[Date "2024.02.11"]
[Round "5"]
[White "Petruccioli, Antonio"]
[Black "Borghini, Nicola"]
[Result "0-1"]
[WhiteElo "1911"]
[BlackElo "1581"]
[PlyCount "118"]
[EventDate "2024.??.??"]
[SourceVersionDate "2024.02.11"]

1. e3 d5 2. c4 e6 3. Nf3 Nf6 4. b3 Be7 5. Bb2 O-O 6. Be2 c5 7. O-O Nbd7 8. d4 dxc4 9. bxc4 b6 10. Nc3 Bb7 11. d5 exd5 12. cxd5 Bd6 13. Qb3 Re8 14. Rad1 a6 15. a4 Ne4 16. Nxe4 Rxe4 17. Qc2 Re8 18. Qf5 h6 19. Bd3 Nf8 20. Qg4 g6 21. Bc2 b5 22. e4 Bc8 23. Qh4 Qxh4 24. Nxh4 g5 25. Nf3 Bg4 26. Ra1 Bxf3 27. gxf3 b4 28. h4 c4 29. hxg5 Rab8 30. gxh6 c3 31. Bxc3 bxc3 32. Bd3 a5 33. Bb5 Rec8 34. Rfc1 Ng6 35. Rc2 Be5 36. Kf1 Nf4 37. Rd1 Rb6 38. Bc6 Rc7 39. Kg1 Rb2 40. Rxb2 cxb2 41. Kf1 Nd3 42. Rb1 Nb4 43. f4 Bd4 44. Ke2 f6 45. Kd2 Rh7 46. Bb5 Rxh6 47. d6 Kf8 48. Rg1 Rh2 49. Be2 Rxf2 50. Rb1 Rh2 51. Rf1 Na2 52. e5 Rxe2+ 53. Kxe2 Nc1+ 54. Kd2 b1=Q 55. Rxc1 Be3+ 56. Kxe3 Qxc1+ 57. Ke4 fxe5 58. fxe5 Qc4+ 59. Kf5 Kf7 0-1